| 000 | 02514cam a22003254a 4500 | ||
|---|---|---|---|
| 001 | 7165398 | ||
| 003 | ARRUPE | ||
| 005 | 20150221020007.0 | ||
| 008 | 081105r20092007nyu 000 0 eng | ||
| 010 | _a 2008048142 | ||
| 020 | _a9780374258597 (pbk. : alk. paper) | ||
| 020 | _a0374258597 (pbk. : alk. paper) | ||
| 024 | _a40016627521 | ||
| 035 | _a(OCoLC)ocn243544754 | ||
| 035 | _a(OCoLC)243544754 | ||
| 035 | _a(NNC)7165398 | ||
| 040 |
_aDLC _cDLC _dBTCTA _dBAKER _dYDXCP _dC#P _dOrLoB-B |
||
| 050 | 0 | 0 |
_aPR6013.U65 _bA6 2009 |
| 082 | 0 | 0 |
_a821/.914 _222 |
| 100 | 1 |
_aGunn, Thom _914803 |
|
| 245 | 1 | 0 |
_aSelected poems / _cThom Gunn and Ted Hughes |
| 260 |
_aLondon : _bFaber and Faber, _c1962. |
||
| 300 |
_a64 p. ; _c21 cm. |
||
| 500 | _aOriginally published: Great Britain : Faber and Faber, Ltd, 2007. | ||
| 505 | 0 | 0 |
_tIntroduction / _rAugust Kleinzahler -- _tFrom Fighting Terms (1954) -- _tThe Wound -- _tTamer and Hawk -- _tFrom The Sense of Movement (1957) -- _tOn the Move -- _tAt the Back of the North Wind -- _tHigh Fidelity -- _tTo Yvor Winters, 1955 -- _tFrom My Sad Captains (1961) -- _tIn Santa Maria del Popolo -- _tModes of Pleasure (#2) -- _tThe Value of Gold -- _tWaking in a Newly Built House -- _tFlying above California -- _tConsidering the Snail -- _tThe Feel of Hands -- _tLights among Redwood -- _tMy Sad Captains -- _tFrom Touch (1967) -- _tThe Goddess -- _tTouch -- _tFrom Moly (1971) -- _tRites of Passage -- _tMoly -- _tPhaedra in the Farm House -- _tThree -- _tWords -- _tFrom the Wave -- _tThe Rooftop -- _tListening to Jefferson Airplane -- _tFlooded Meadows -- _tGrasses -- _tAt the Centre -- _tThe Discovery of the Pacific -- _tSunlight -- _tFrom Jack Straw's Castle (1976) -- _tThe Bed -- _tThe Night Piece -- _tLast Days at Teddington -- _tAll Night, Legs Pointed East -- _tAutobiography -- _tFrom The Passages of Joy (1982) -- _tSong of a Camera -- _tKeats at Highgate -- _tJune -- _tFrom The Man with Night Sweats (1992) -- _tThe Hug -- _tTo a Friend in Time of Trouble -- _tPhilemon and Baucis -- _tA Sketch of the Great Dejection -- _tPatch Work -- _tWell Dennis O'Grady -- _tThe Stealer -- _tNasturtium -- _tThe Man with Night Sweats -- _tLament -- _tStill Life -- _tThe J Car -- _tThe Missing -- _tDeath's Door -- _tFrom Boss Cupid (2000) -- _tMy Mother's Pride -- _tThe Gas-poker -- _tArachne -- _tShit -- _tThe Dump -- _tIn Trust. |
| 700 | 1 |
_aHughes, Ted. _915413 |
|
| 900 | _bTOC | ||
| 942 |
_2lcc _cMONOGRAPH _01 |
||
| 948 | 1 |
_a20090603 _bc _csl13 _dMPS |
|
| 999 |
_c121947 _d121947 |
||